| 000 | 00346nam a22001577a 4500 | ||
|---|---|---|---|
| 003 | SGT | ||
| 020 | _a978-93-88022-28-6 | ||
| 082 |
_a612.3 _bC19K |
||
| 100 | _aKALELE, KETKI | ||
| 245 | _aCOLLAGEN : HEALTH AND DISEASE | ||
| 250 | _a1ST | ||
| 260 |
_aINDIA _bINNOVATIVE PUB. _c2019 |
||
| 300 | _a97 | ||
| 650 | _aNUTRITION | ||
| 942 |
_2ddc _cBK |
||
| 999 |
_c20097 _d20097 |
||